000 00558nam a2200205 i 4500
001 47513
003 ES-MaACL
007 t|
008 030430s2003 sp ||||1| spa d
020 _a84-321-3440-6
080 _a821.134.2-14"19"
100 1 _aGómez Tore, José Luis.
_958169
245 1 0 _aHe heredado la noche /
_cJosé Luis Gómez Tore.
260 _aMadrid :
_bRialp,
_c[2003]
300 _a76 p. ;
_c18 cm.
490 1 _aAdonais ;
_v570
830 0 0 _aAdonáis
_v570
_9173743
852 _aES-MaACL
_jJ-23-570
_bR.132783
999 _c47513
_d47513